000 00457nam a2200181Ia 4500
008 230524s9999 xx 000 0 und d
020 _a9788126553433
082 _a620.1
_bMUN
100 _a"Munson, Okiishi"
_942809
245 0 _aFluid Mechanics
250 _a7
260 _aNew Delhi
_bWiley India
_c2015
300 _a"XVII,714p;"
500 _aQuantity Number: 1
650 _aMechanics
700 _a" Huebsch , Rothmayer"
_942810
942 _cBK
999 _c57784
_d57784